00651nam a2200193Ia 4500008004100000020001500041082001300056100002100069245005700090250000700147260004000154300003000194500001900224600002700243650005000270942000700320952011500327999001500442240925s9999 xx 000 0 und d a817808984x a005.1LEV aLevitin , Anany 0aIntroduction to the Design & Analysis of Algorithms  aNA aIndiana:bPearson Educationc,2004. axiii,737p.bNAfPhotocopy aIncludes Index aEngineering Technology aComputer science, information & general works cBK 001040708ETaUITUbUITUd2008-02-26eS.B.Bg463.50l0o005.1LEVpQ7370r2024-09-25 07:14:34w2024-09-25yBK c9869d9869